000 00405nam a22001457a 4500
003 OSt
005 20251014103855.0
008 251014b |||||||| |||| 00| 0 eng d
020 _a9966226982
040 _cTHE JOMO KENYATTA FOUNDATION
050 _aPZ 7 .W33 2008
245 _aPINGU
_cSIMON M. WACHIRA
260 _aENTERPRISE ROAD INDUSTRIAL AREA
_bTHE JOMO KENYATTA FOUNDATION
_c2008
942 _2lcc
_cBK
_n0
999 _c9600
_d9600